Giáo trình sửa chữa thông thường ô tô ( Dùng cho các lớp đào tạo người lái ô tô )

Bewaard in:
Bibliografische gegevens
Formaat: Boek
Taal:Undetermined
Gepubliceerd in: Hà Nội Giao Thông Vận Tải 1998
Onderwerpen:
Tags: Voeg label toe
Geen labels, Wees de eerste die dit record labelt!
Thư viện lưu trữ: Trung tâm Học liệu Trường Đại học Cần Thơ
LEADER 00576nam a2200169Ia 4500
001 CTU_37552
008 210402s9999 xx 000 0 und d
020 |b 7.500đ 
082 |a 629.287 
082 |b Gi108 
245 0 |a Giáo trình sửa chữa thông thường ô tô ( Dùng cho các lớp đào tạo người lái ô tô ) 
260 |a Hà Nội 
260 |b Giao Thông Vận Tải 
260 |c 1998 
650 |a automobiles - maintenance and repair 
904 |i Minh, 000802 
980 |a Trung tâm Học liệu Trường Đại học Cần Thơ